Hung - Ga - ri ngày nay

में बचाया:
ग्रंथसूची विवरण
मुख्य लेखक: Phạm xuân Xứng (biên tập)
अन्य लेखक: Bùi Hồng thúy (đồng biên tập), Trần Trọng Cường (đồng biên tập)
स्वरूप: पुस्तक
प्रकाशित: H. Sự thật 1985
विषय:
टैग : टैग जोड़ें
कोई टैग नहीं, इस रिकॉर्ड को टैग करने वाले पहले व्यक्ति बनें!
Thư viện lưu trữ: Trung tâm Học liệu Lê Vũ Hùng, Trường Đại học Đồng Tháp
LEADER 00786pam a22002418a 4500
001 00015772
005 20171026081022.0
008 110330s1985 ||||||Viesd
020 |c 700 
041 0 # |a Vie 
082 1 4 |a 943.9  |b H513G 
100 0 # |a Phạm xuân Xứng  |e biên tập 
245 0 0 |a Hung - Ga - ri ngày nay  |c Phạm Xuân Xứng 
260 # # |a H.  |b Sự thật  |c 1985 
300 # # |a 115 tr.  |c 20 cm. 
650 # 4 |a Hung - ga - ri 
650 # 4 |a Lịch sử 
700 0 # |a Bùi Hồng thúy  |e đồng biên tập 
700 0 # |a Trần Trọng Cường  |e đồng biên tập 
852 # # |b Kho đọc  |j KD.0001187 
852 # # |j KD.0001187 
910 |d 30/03/2011 
980 # # |a Trung tâm Học liệu Lê Vũ Hùng, Trường Đại học Đồng Tháp